| 000 | 01391cab a2200277 4500 | ||
|---|---|---|---|
| 001 | ABS55413 | ||
| 008 | 090401t1996 xxu||||| |||| 00| 0 eng d | ||
| 035 | _a(Sirsi) u16266 | ||
| 041 | _aeng | ||
| 245 | _aSummary of the HL judgment in South Australia Asset Management Corporation v York Montague Ltd, United Bank of Kuwait PLC v Prudential Property Services Ltd, Nykredit Mortgage Bank PLC v Edward Erdman Group Ltd | ||
| 260 | _c1996 | ||
| 350 | _a0 | ||
| 490 |
_aLovell White Durrant Case Summary _v20 June 1996, (4) |
||
| 520 | _aA summary of the House of Lords judgment in "South Australia Asset Management Corporation v York Montague, United Bank of Kuwait PLC v Prudential Property Services Ltd, Nykredit Mortgage Bank PLC v Edward Erdman Group Ltd" which reversed the CA decision that lenders who would not have lent if they had received an accurate valuation could recover the whole of their loss. | ||
| 650 | _aFALLING MARKET | ||
| 650 | _aFALLING VALUES | ||
| 650 | _aNEGLIGENCE | ||
| 650 | _aNYKREDIT MORTGAGE BANK PLC V EDWARD ERDMAN GROUP LTD | ||
| 650 | _aSOUTH AUSTRALIA ASSET MANAGEMENT CORPORATION V YORK MONTAGUE | ||
| 650 | _aUNITED BANK OF KUWAIT PLC V PRUDENTIAL PROPERTY SERVICES LTD | ||
| 650 | _aVALUERS | ||
| 690 | _aMANAGEMENT-BUSINESS MANAGEMENT-PROFESSIONAL PRACTICE | ||
| 690 | _aRATING AND VALUATION | ||
| 942 | _n0 | ||
| 948 | _c04/03/1997 | ||
| 999 |
_c10689 _d10689 |
||